Modern quantum mechanics. (Record no. 6489)
[ view plain ]
| 000 -LEADER | |
|---|---|
| fixed length control field | 00743nam a22002412 4500 |
| 001 - CONTROL NUMBER | |
| control field | 0000003743 |
| 005 - DATE AND TIME OF LATEST TRANSACTION | |
| control field | 20151217151932.0 |
| 008 - FIXED-LENGTH DATA ELEMENTS--GENERAL INFORMATION | |
| fixed length control field | 070515s xx 000 0 eng d |
| 020 ## - INTERNATIONAL STANDARD BOOK NUMBER | |
| International Standard Book Number | 0201539292 : |
| Terms of availability | GBP 49.98 |
| 040 ## - CATALOGING SOURCE | |
| Original cataloging agency | KABU |
| Transcribing agency | KABU |
| 050 #0 - LIBRARY OF CONGRESS CALL NUMBER | |
| Classification number | QC174.12 |
| Item number | .S25 1994 |
| 100 1# - MAIN ENTRY--PERSONAL NAME | |
| Personal name | Sakurai, J. J. |
| -- | 0000153858 |
| 245 10 - TITLE STATEMENT | |
| Title | Modern quantum mechanics. |
| 250 ## - EDITION STATEMENT | |
| Edition statement | Rev. ed. |
| 260 ## - PUBLICATION, DISTRIBUTION, ETC. (IMPRINT) | |
| Place of publication, distribution, etc. | New York : |
| Name of publisher, distributor, etc. | Addison-Wesley, |
| Date of publication, distribution, etc. | 1994. |
| 300 ## - PHYSICAL DESCRIPTION | |
| Extent | x, 500 p. |
| 650 #0 - SUBJECT ADDED ENTRY--TOPICAL TERM | |
| Topical term or geographic name as entry element | Quantum theory. |
| -- | 0000153853 |
| 852 1# - LOCATION | |
| -- | p7200 KES |
| 852 1# - LOCATION | |
| -- | p7200 KES |
| 908 ## - PUT COMMAND PARAMETER (RLIN) | |
| Put command parameter | 070515 |
| 950 ## - LOCAL HOLDINGS (RLIN) | |
| -- | 1 |
| Withdrawn status | Lost status | Source of classification or shelving scheme | Not for loan | Home library | Current library | Date acquired | Total Checkouts | Full call number | Barcode | Date last seen | Price effective from | Koha item type |
|---|---|---|---|---|---|---|---|---|---|---|---|---|
| Library of Congress Classification | Kabarak, Main Campus | Kabarak, Main Campus | 17/12/2015 | QC174.12 .S25 1994 | 004904 | 17/12/2015 | 17/12/2015 | General Collection | ||||
| Library of Congress Classification | Kabarak, Main Campus | Kabarak, Main Campus | 17/12/2015 | QC174.12 .S25 1994 c. 2 | 17043 | 17/12/2015 | 17/12/2015 | General Collection | ||||
| Library of Congress Classification | Kabarak, Main Campus | Kabarak, Main Campus | 17/12/2015 | QC174.12 .S25 1994 c. 3 | 17044 | 17/12/2015 | 17/12/2015 | General Collection |